Statistics for Manchester City squad 2012-13

Click here to take the quiz!

General Stats

  • This quiz has been taken 700 times
    (600 since last reset)
  • The average score is 17 of 24

Answer Stats

PositionPlayerInternational% Correct
GKJoe HartEngland
99%
FWSergio AgüeroArgentina
96%
DFVincent KompanyBelgium
96%
FWEdin DžekoBosnia & Herzegovina
95%
MFYaya TouréCote D'Ivoire
95%
MFDavid SilvaSpain
91%
DFPablo ZabaletaArgentina
84%
MFSamir NasriFrance
82%
DFAleksandar KolarovSerbia
79%
DFGaël ClichyFrance
79%
MFJames MilnerEngland
78%
FWCarlos TévezArgentina
76%
DFJoleon LescottEngland
74%
DFMicah RichardsEngland
71%
GKCostel PantilimonRomania
66%
MFGareth BarryEngland
65%
DFMatija NastasićSerbia
59%
DFMaiconBrazil
51%
FWJohn GuidettiSweden
48%
MFJavi GarciaSpain
46%
GKRichard WrightEngland
44%
MFJack RodwellEngland
39%
MFScott SinclairEngland
34%
MFAbdul RazakCote D'Ivoire
20%

Score Distribution

Percentile by Number Answered

Percent of People with Each Score

Your Score History

You have not taken this quiz since the last reset